00843nam a2200253Ia 4500003000900000008004100009020001800050040001600068080001500084100002300099245006900122250001200191260004800203300001400251650002800265650001800293650002600311650002500337650002700362700002700389942000700416999001700423952014900440IN-BaIIA211028s9999 xx 000 0 eng d a0-521-00517-5 cIIA Library a52-77bBUR aBurke, B. F920995 0aIntroduction to radio astronomycB. F. Burke and F. Graham-Smith a2nd ed. aCambridgebCambridge University Pressc2002 axi, 393p. aGalactic Dynamics91517 aPulsars97214 aRadio Astronomy92849 aRadio Galaxies96716 aRadio Telescopes95909 aGraham-Smith, F916939 cBK c14709d14709 00104070aBANbBANcGENd2002-07-15eGANESHg2138.20l2m14o52-77/ BURp15631r2023-03-27s2023-03-27v2138.20w2002-07-15yBKGRs. 2138.20